| 000 | 00829nam a2200241 c 4500 | ||
|---|---|---|---|
| 999 |
_c160243 _d160243 |
||
| 003 | BLK | ||
| 005 | 20180425155512.0 | ||
| 008 | 180410b bul|||||r ||||||| ||bul|| | ||
| 010 | _aKNG00167449000 | ||
| 040 | _aBLK | ||
| 041 |
_aBUL _cBUL |
||
| 080 |
_aБюджетни приходи и разходи _b336.127 _x(497.217) |
||
| 080 |
_aИкономическо положение. Конюнктура. Стопанска структура - Развитие. Икономически растеж . Вж и 330.33/.36 _b338.1 _x(497.217) |
||
| 110 | 1 |
_aОкръжна постоянна комис. Шумен _9334817 |
|
| 139 |
_aОкръжна постоянна комис. Шумен _bО 47 |
||
| 245 | 1 | 0 | _aБюджет за приходите и разходите на Шуменския окръг за 1907 година с обяснителна таблица |
| 257 | _aBGR | ||
| 260 |
_c1907 _9218278 _aШумен _bОкр. постоянна комис. _f(Шумен : Типогр. Сп. Попов) |
||
| 300 |
_a36 с. _bс табл. _c32 см |
||
| 380 | _a3 | ||
| 501 | _aПодв. към Бюджет за приходите и разходите на Шуменския окръг за 1905 | ||
| 650 | 0 |
_9286812 _aБюджети - на общините |
|
| 852 | _aЦб ІІ 5469 | ||
| 856 | 4 | _qpdf | |
| 856 | 4 | _qpdf | |
| 942 |
_cKNG _n0 |
||
| 944 |
_aCR _c20.11.2014 _kВиолета_Тройчева |
||
| 944 |
_aED _c24.11.2014 _kВиолета_Тройчева |
||
| 999 | _d160243 | ||
| 999 | _d160243 | ||